Marketing Research (Record no. 187697)
[ view plain ]
| 000 -LEADER | |
|---|---|
| fixed length control field | 00434nam a2200169Ia 4500 |
| 008 - FIXED-LENGTH DATA ELEMENTS--GENERAL INFORMATION | |
| fixed length control field | 140306s9999 xx 000 0 und d |
| 020 ## - INTERNATIONAL STANDARD BOOK NUMBER | |
| International Standard Book Number | 9788131505656 |
| 041 ## - LANGUAGE CODE | |
| Language code of text/sound track or separate title | eng |
| 082 ## - DEWEY DECIMAL CLASSIFICATION NUMBER | |
| Classification number | 658.83 |
| Item number | ZIK/MA |
| 100 ## - MAIN ENTRY--PERSONAL NAME | |
| Personal name | Barry, J.Babin |
| 245 ## - TITLE STATEMENT | |
| Title | Marketing Research |
| 260 ## - PUBLICATION, DISTRIBUTION, ETC. (IMPRINT) | |
| Place of publication, distribution, etc. | New Delhi |
| Name of publisher, distributor, etc. | Cengage Learning India Private Limited |
| Date of publication, distribution, etc. | 2007 |
| 300 ## - PHYSICAL DESCRIPTION | |
| Extent | 632 |
| 365 ## - TRADE PRICE | |
| Price amount | Rs.395.00 |
| 700 ## - ADDED ENTRY--PERSONAL NAME | |
| Personal name | William, G.Zikmund |
| 942 ## - ADDED ENTRY ELEMENTS (KOHA) | |
| Source of classification or shelving scheme | Dewey Decimal Classification |
| Koha item type | Books (General) |
| Withdrawn status | Lost status | Source of classification or shelving scheme | Damaged status | Not for loan | Home library | Current library | Cost, normal purchase price | Total Checkouts | Full call number | Date last seen | Date checked out | Price effective from | Koha item type |
|---|---|---|---|---|---|---|---|---|---|---|---|---|---|
| Dewey Decimal Classification | College of Co-operation, Banking & Management Library, Vellanikkara | College of Co-operation, Banking & Management Library, Vellanikkara | 395.00 | 1 | 658.83 ZIK/MA | 30/10/2017 | 30/10/2017 | 22/03/2014 | Books (General) |
